| 000 | 01095nmc a2200361 a 4500 | ||
|---|---|---|---|
| 003 | AR-BaBNM | ||
| 005 | 20251128203833.0 | ||
| 008 | 167019s1959 ||||||||||||||000 | spa|| | ||
| 040 | _cAR-BaBNM | ||
| 100 | 1 | _aBaker, Harry J. | |
| 245 | 1 | 0 |
_aIntroducción al estudio de los niños sub y superdotados _n1.1 |
| 250 | _a3ª ed. | ||
| 260 |
_aBuenos Aires _bKapelusz _c1959 |
||
| 300 | 1 |
_axix, 210 p. _btablas |
|
| 490 | 0 | _aBiblioteca de cultura pedagógica | |
| 500 | 0 | _aContiene referencias bibliográficas en notas a pie de página | |
| 650 | 4 | _aEDUCACION ESPECIAL | |
| 650 | 4 | _aCEGUERA | |
| 650 | 4 | _aCIEGOS | |
| 650 | 4 | _aEDUCACION DE CIEGOS | |
| 650 | 4 | _aSORDERA | |
| 650 | 4 | _aENFERMEDADES DEL SISTEMA SENSORIAL | |
| 650 | 4 | _aEDUCACION DE SORDOS | |
| 653 | 0 | _aNINOS TALENTOSOS | |
| 653 | 0 | _aNECESIDADES EDUCATIVAS ESPECIALES | |
| 653 | 0 | _aDISCAPACIDAD MOTORA | |
| 653 | 0 | _aDISCAPACIDAD VISUAL | |
| 653 | 0 | _aDISCAPACIDAD AUDITIVA | |
| 700 | 1 |
_aGhioldi, Alfredo M. _etraductor |
|
| 700 | 1 |
_aGuillén de Rezzano, Clotilde _eprologuista |
|
| 942 | _cBK | ||
| 998 | _cSILVI | ||
| 999 |
_c5111 _d5111 |
||